Skip to main content
Your cart is empty.
Your lists
Log in to create your own lists
Your cookies
العربية
English
العربية
Home
Search
Advanced search
Authority search
About
The noble scholar, jurist, historian
His Excellency Dr. Abdul Wahhab bin Ibrahim Abu Sulaiman, may Allah have mercy on him.
He was born in Umm Al-Qura in the year 1356 AH.
Library catalog
Title
Author
Subject
ISBN
ISSN
Series
Call number
Log in to your account
×
Login:
Password:
Home
MARC view: ملامح في شعر أسامة بن منقذ /
Normal view
MARC view
ISBD view
ملامح في شعر أسامة بن منقذ / (Record no. 6092)
[
view plain
]
MARC details
000 -LEADER
fixed length control field
01282cam a22002771i 4500
003 - CONTROL NUMBER IDENTIFIER
control field
SA-RiAUC
005 - DATE AND TIME OF LATEST TRANSACTION
control field
20250219082322.0
008 - FIXED-LENGTH DATA ELEMENTS--GENERAL INFORMATION
fixed length control field
250218s1990 su g f00010 ara d
040 ## - CATALOGING SOURCE
Original cataloging agency
SA-RiIMS
Language of cataloging
ara
Transcribing agency
SA-RiAUC
Description conventions
rda
082 04 - DEWEY DECIMAL CLASSIFICATION NUMBER
Classification number
811.72
Assigning agency
SA-RiAUC
090 ## - LOCALLY ASSIGNED LC-TYPE CALL NUMBER (OCLC); LOCAL CALL NUMBER (RLIN)
Classification number (OCLC) (R) ; Classification number, CALL (RLIN) (NR)
811.72
Local cutter number (OCLC) ; Book number/undivided call number, CALL (RLIN)
ب ا ق
100 1# - MAIN ENTRY--PERSONAL NAME
Personal name
باقازي، عبد الله أحمد عبد الله،
Dates associated with a name
1370 هجري-
Relator term
مؤلف.
245 10 - TITLE STATEMENT
Title
ملامح في شعر أسامة بن منقذ /
Statement of responsibility, etc.
تأليف عبد الله أحمد باقازي ؛ راجعه أحمد عبد الواحد.
250 ## - EDITION STATEMENT
Edition statement
الطبعة الأولى.
264 #1 - PRODUCTION, PUBLICATION, DISTRIBUTION, MANUFACTURE, AND COPYRIGHT NOTICE
Place of production, publication, distribution, manufacture
مكة المكرمة :
Name of producer, publisher, distributor, manufacturer
نادي مكة الثقافي الأدبي،
Date of production, publication, distribution, manufacture, or copyright notice
1990
300 ## - PHYSICAL DESCRIPTION
Extent
115 صفحة ؛
Dimensions
24 سم.
336 ## - CONTENT TYPE
Content type term
نص
Content type code
txt
Source
rdacontent
Materials specified
كتاب
337 ## - MEDIA TYPE
Media type term
بدون وسيط
Media type code
n
Source
rdamedia
338 ## - CARRIER TYPE
Carrier type term
مجلد
Carrier type code
nc
Source
rdacarrier
490 0# - SERIES STATEMENT
Series statement
مطبوعات نادي مكة الثقافي الأدبي ؛
Volume/sequential designation
73
600 17 - SUBJECT ADDED ENTRY--PERSONAL NAME
Personal name
ابن منقذ، أسامة بن مرشد بن علي،
Dates associated with a name
488-584 هجري
General subdivision
نقد وتفسير
Source of heading or term
aucnm
650 #7 - SUBJECT ADDED ENTRY--TOPICAL TERM
Topical term or geographic name entry element
الأدب العربي
General subdivision
تاريخ ونقد
Chronological subdivision
العصر الفاطمي
Source of heading or term
aucsh
700 1# - ADDED ENTRY--PERSONAL NAME
Personal name
عبد الواحد، أحمد
Relator term
مراجع.
942 ## - ADDED ENTRY ELEMENTS (KOHA)
Source of classification or shelving scheme
Dewey Decimal Classification
Koha item type
Books
Suppress in OPAC
No
949 ## - LOCAL PROCESSING INFORMATION (OCLC)
a
SA-JeALM
d
250218
u
osman123
n
1
Holdings
Withdrawn status
Lost status
Source of classification or shelving scheme
Damaged status
Not for loan
Home library
Current library
Date acquired
Total checkouts
Full call number
Barcode
Date last seen
Price effective from
Koha item type
Dewey Decimal Classification
DR AbdElwahab Library
DR AbdElwahab Library
02/19/2025
811.72 ب ا ق
000010074
02/19/2025
02/19/2025
Books
Dewey Decimal Classification
DR AbdElwahab Library
DR AbdElwahab Library
05/24/2025
811.72 ب ا ق
000013539
05/24/2025
05/24/2025
Books
Dewey Decimal Classification
DR AbdElwahab Library
DR AbdElwahab Library
06/15/2025
811.72 ب ا ق
000014796
06/15/2025
06/15/2025
Books
Place hold
Print
Add to your cart
(remove)
Save record
BIBTEX
Dublin Core
MARCXML
MARC (non-Unicode/MARC-8)
MARC (Unicode/UTF-8)
MARC (Unicode/UTF-8, Standard)
MODS (XML)
RIS
ISBD
More searches
Search for this title in:
Other Libraries (WorldCat)
Other Databases (Google Scholar)
Online Stores (Bookfinder.com)
Open Library (openlibrary.org)
Exporting to Dublin Core...
×
Simple DC-RDF
OAI-DC
SRW-DC